000
00343nam a2200157Ia 4500
003
OSt
008
191201s2012 xx 000 0 und d
082
_a
658.45
_b
LEB
100
_a
LESIKAR, Raymond
245
0
_a
Business Communication
250
_a
Rep
260
_a
New Delhi
_b
TMH
_c
2012
300
_a
737
650
_a
BBA
942
_2
ddc
_c
BK
999
_c
5926
_d
5926